Personnalités avec des initiales en B - Statistiques

Statistiques générales
  • Ce quiz a été pris 137 fois
  • Le résultat moyen est 13 sur 26
Statistiques - réponses
Hint Réponse % Correct
BB Actrice française et icone dans les années 60 Brigitte Bardot
91%
BC Femme du président français élu de 1995 à 2007 Bernadette Chirac
90%
BG Créateur de Microsoft Bill Gates
89%
BO Président des États-Unis né à Hawaï Barack Obama
85%
BM Dictateur italien Benito Mussolini
84%
BP Ex mari de Jennifer Aniston Brad Pitt
77%
BX Pape de 2005 à 2013 (avec son numéro) Benoit XVI
73%
BA Deuxième homme sur la lune Buzz Aldrin
72%
BJ Ancien Premier Ministre britannique Boris Johnson
70%
BL L'artiste martial le plus célèbre de tous les temps Bruce Lee
65%
BF Père fondateur des Etats Unis d'Amérique Benjamin Franklin
63%
BW Acteur de "Die Hard" Bruce Willis
62%
BR Un des ministres de l'Intérieur sous Emmanuel Macron Bruno Retailleau
60%
BV Auteur de "L'écumes des jours" Boris Vian
55%
BE Chanteuse en 4ème position mondiale sur Spotify Billie Eilish
52%
BN Premier ministre israélien Benyamin Netanyahou
46%
BS Chanteuse qui a épousé le danseur Kevin Federline Britney Spears
43%
BH Mannequin américaine Bella Hadid
32%
BK Interprete de Single Ladies ou Halo Beyonce Knowles
31%
BD Figure emblématique de la musique populaire mondiale Bob Dylan
25%
BY Ancien président russe Boris Yeltsin
25%
BZ Ex compagnon de Madonna Brahim Zaibat
14%
BI Chanteur et musicien de rock britannique Billy Idol
9%
BU L'un des B dans ABBA Björn Ulvaeus
3%
BQ Acteur dans la série Charmed Brandon Quinn
2%
BT Angelina Jolie s'est déjà fait tatouer son nom Billy Bob Thornton
0%
Aucun quiz correspondant
Distribution des résultats
% des personnes avec chaque résultat
Percentile par nombre de réponses
Votre historique - résultats
Vous n’avez pas pris ce quiz